Catalog

Record Details

Catalog Search



Available copies

  • 2 of 2 copies available at LARL/NWRL Consortium.
  • 2 of 2 copies available at Lake Agassiz Regional Library. (Show preferred library)

Current holds

0 current holds with 2 total copies.

Show Only Available Copies
Location Call Number / Copy Notes Barcode Shelving Location Status Due Date
Detroit Lakes Public Library KEP (Text) 33500012746707 Main Available -
Moorhead Public Library KEP (Text) 33500012746715 Main Available -

Record details

  • ISBN: 9780399591433
  • ISBN: 0399591435
  • Physical Description: 367 pages ; 25 cm
  • Edition: First edition.
  • Publisher: New York : Lenny, [2018]

Content descriptions

Summary, etc.:
"A journey of two best friends that is part love ... Read More
Subject: FICTION / Thrillers.
FICTION / Coming of Age.
FICTION / Romance / Paranormal.
SUSPENSE.
Ability > Fiction.
Genre: Paranormal romance stories.
Romantic supsense fiction.
Love stories.
Romance fiction.
Paranormal fiction.
Detective and mystery fiction.
LDR 03265cam a2200517 i 4500
001291139
003LARL_NWRL_CONSORTIUM
00520180629155316.0
008171116t20182018nyu 000 f eng c
010 . ‡a 2017051943
040 . ‡aPUL ‡beng ‡erda ‡cPUL ‡dSSH ‡dQX9 ‡dDAD ‡dUAP ‡dFMF ‡dILC ‡dTXLBH ‡dDLC
019 . ‡a1039093855 ‡a1041617614
020 . ‡a9780399591433 ‡q(hardcover)
020 . ‡a0399591435 ‡q(hardcover)
035 . ‡a(OCoLC)987980055 ‡z(OCoLC)1039093855 ‡z(OCoLC)1041617614
037 . ‡bRandom House Inc, Attn Order Entry 400 Hahn rd, Westminster, MD, USA, 21157 ‡nSAN 201-3975
042 . ‡apcc
08200. ‡a813/.6 ‡223
084 . ‡aFIC031000 ‡aFIC043000 ‡aFIC027120 ‡2bisacsh
1001 . ‡aKepnes, Caroline, ‡d1976- ‡eauthor.
24510. ‡aProvidence / ‡cCaroline Kepnes.
250 . ‡aFirst edition.
264 1. ‡aNew York : ‡bLenny, ‡c[2018]
264 4. ‡c©2018
300 . ‡a367 pages ; ‡c25 cm
336 . ‡atext ‡btxt ‡2rdacontent
337 . ‡aunmediated ‡bn ‡2rdamedia
338 . ‡avolume ‡bnc ‡2rdacarrier
520 . ‡a"A journey of two best friends that is part love story, part detective story, and part supernatural thriller, from the acclaimed author of YOU, whose work Stephen King describes as "hypnotic and totally original." Growing up as best friends in small-town New Hampshire, Jon and Chloe are the only ones who truly understand each other and their intense connection. But just when Jon is ready to confess the depth of his feelings, he's kidnapped by his substitute teacher, a discredited scientist who is obsessed with H.P. Lovecraft and has a plot to save humanity. After four years in captivity, Jon finally escapes, only to discover that he now has an uncontrollable power that endangers anyone he has intense feelings for. He runs away to Providence to protect Chloe while he searches for answers. Across town from Jon, Detective Charles "Eggs" DeBenedictus is fascinated by a series of strange deaths--young, healthy people whose hearts just. stop. Convinced these deaths are a series of connected, vigilante killings, he jeopardizes his job and already strained marriage to uncover the truth. With heart, insight, and a keen eye on human frailty, Kepnes whisks us on a journey through New England and crashes these characters' lives together in the most unexpected ways, exploring the complex relationship between the powerful and the powerless, love and identity, self-preservation and self-destruction, and how the lines are often blurred between the two"-- ‡cProvided by publisher.
650 7. ‡aFICTION / Thrillers. ‡2bisacsh
650 7. ‡aFICTION / Coming of Age. ‡2bisacsh
650 7. ‡aFICTION / Romance / Paranormal. ‡2bisacsh
650 4. ‡aSUSPENSE.
650 1. ‡aAbility ‡vFiction.
655 0. ‡aParanormal romance stories.
655 7. ‡aRomantic supsense fiction. ‡2gsafd
655 7. ‡aLove stories. ‡2gsafd
655 7. ‡aRomance fiction. ‡2lcgft
655 7. ‡aParanormal fiction. ‡2lcgft
655 7. ‡aDetective and mystery fiction. ‡2lcgft
905 . ‡uvanderl
901 . ‡a291139 ‡b ‡c291139 ‡tbiblio ‡soclc

Additional Resources